000 01199cam a2200277 a 4500
001 3849
005 20240516160500.0
020 _a9781416968139
040 _aBTCTA
_cBTCTA
_dBAKER
_dMLY
_dDMM
_dXY4
_dDLC
_beng
050 0 0 _aPZ7.W6845
_b2008
082 0 0 _a303
100 1 _aWillson, Sarah
245 1 0 _aI am Eva! /
_cby Sarah Willson ; based on the screenplay by Chris McKenna.
250 _aFirst Edition
260 _aNew York :
_bSimon Spotlight/Nickelodeon ;
_c2008
300 _a31 pages :
_bcolor illustrations ;
_c24 cm.
490 _aReady- To- Read
_vLeve 2
505 _aH
520 _aMeet Eva: the giant, lovable creation of Igor, and the hottest new star in Malaria! Follow along as she tells her side of the story, from her rehearsal for a role in Annie, to her discovery of the truth about the audition, to how her dreams of becoming an actress finally came true. This full-color, Level 2 Ready-to-Read is sure to delight young Igor fans and aspiring stars alike!
521 1 _a460
_bLexile estimate
521 1 _aH
_bRaz-Plus
650 _aEva
_vFiction
700 1 _aMcKenna, Chris
906 _a7
_bcbc
_ccopycat
_d2
_encip
_f20
_gy-gencatlg
942 _2ddc
_cBK
_n0
999 _c3849
_d3849